009370000a220013300045007730032000001000031000322450057000633000035001205200498001556500035006539420008006889520090006969990017007860 tLa Biblia en las Américas1 aRivera Velázquez, Melvin10aLa iglesia del siglo XXI y las nuevas tecnologías. aVol.64, no.289 (2009),p. 25-28 aLa iglesia de Jesucristo debe estar a la vanguardia: estos nuevos medios deben utilizarse para proclamar la buena nueva de salvación. Sigamos la recomendación del profeta: "den gracias e invoquen al señor, cuenten a las naciones las cosas que ha hecho, recuérdenles que el está por encima de todo" Isaías 12:4. Tenemos que cambiar la actitud hacia la nueva tecnología. Debemos verla como una oportunidad para comunicar el mensaje de vida y no como una amenaza para el evangelio.14aMISION CRISTIANA - TECONOLOGIA cANA 001040708HEMaFUSBCbFUSBCd2016-01-26l0o r2016-01-26 00:00:00w2016-01-26yANA c63067d63067